Jeu vidéo par lettre - L - Statistiques

Statistiques générales
  • Ce quiz a été pris 343 fois
  • Le résultat moyen est 11 sur 20
Statistiques - réponses
Indices Réponses % Correct
Frère d'un autre plombier moustachu, il a connu une carrière solo en tant que chasseur de fantômes Luigi
100%
Non, Zelda n'est pas le nom de cet Hylien Link
93%
Ce en quoi évolue Magicarpe après 20 niveaux de trempette Léviator
81%
MOBA de Riot Games où sont jouables plus de 150 Champions League of Legends
79%
Professeur d'archéologie amateur d'énigmes Hershel Layton
78%
Jeu de construction adapté maintes fois en jeu vidéo Lego
71%
Il sauve des chutes dans Mario Kart et fait office de caméraman dans Super Mario 64 Lakitu
63%
Nom donné au processus de conception des niveaux d'un jeu vidéo Level design
56%
Série de jeux emblématique des consoles Sony mettant en scène Sackboy Little Big Planet
56%
Ennemis de Rayman, ils ont plus tard eu droit à leurpropre série animée pour finir ambassadeurs de l'Unicef Lapins crétins
52%
Créature en forme d'étoile indissociable de Harmonie Luma
52%
Console portable d'Atari de 1989 au nom félin Lynx
51%
Pokémons apparus en troisième génération formant le duo éon Latias
40%
Pokémons apparus en troisième génération formant le duo éon Latios
39%
Protagoniste de Mother 3 au redoutable PK fire dans Super Smash Bros. Lucas
38%
Boxer des jeux Punch-Out!! jouable dans Super Smash Bros. depuis Smash 4 Little Mac
37%
Jeu se déroulant en 1947 dans un Los Angeles gangréné par la drogue et la corruption L.A. Noire
34%
Studio à l'origine de ces personnages mais aussi de Yo-Kai Watch, Fantasy Life, Inazuma Eleven,... Level-5
33%
Prénom de Triton, son jeune et fidèle assistant au béret bleu ciel Luke
27%
Jeu de réflexion dans lequel le joueur dirige des dizaines de rongeurs aux multiples compétences Lemmings
24%
Aucun quiz correspondant
Distribution des résultats
% des personnes avec chaque résultat
Percentile par nombre de réponses
Votre historique - résultats
Vous n’avez pas pris ce quiz